| Tag |
First Indicator |
Second Indicator |
Subfields |
| LEADER |
00000ctm a2200000Ia 4500 |
| 001 |
in00000020580 |
| 005 |
20220104090752.0 |
| 008 |
880716s1987 xx a bm 000 0 eng d |
| 035 |
|
|
|9 AAB3505AM
|
| 035 |
|
|
|a (OCoLC)18228065
|
| 035 |
|
|
|a (OCoLC)ocm18228065
|
| 040 |
|
|
|a TXA
|b eng
|c TXA
|d OCLCQ
|d OCLCF
|d OCLCO
|d OCLCQ
|d TXA
|
| 043 |
|
|
|a t------
|
| 049 |
|
|
|a TXAM
|
| 099 |
|
|
|a 1987
|a Dissertation
|a J68
|
| 100 |
1 |
|
|a Johnson, Mark Andrew.
|
| 245 |
1 |
4 |
|a The wind-forced response of the Southern Ocean.
|
| 264 |
|
1 |
|c 1987.
|
| 300 |
|
|
|a x, 111 leaves :
|b illustrations ;
|c 29 cm
|
| 336 |
|
|
|a text
|b txt
|2 rdacontent
|
| 337 |
|
|
|a unmediated
|b n
|2 rdamedia
|
| 338 |
|
|
|a volume
|b nc
|2 rdacarrier
|
| 500 |
|
|
|a Typescript (photocopy).
|
| 500 |
|
|
|a Vita.
|
| 502 |
|
|
|b Ph. D. in Oceanography
|c Texas A & M University
|d 1987
|
| 504 |
|
|
|a Includes bibliographical references (leaves 104-110).
|
| 520 |
3 |
|
|a In an analysis of satellite-tracked drifting surface buoys released in the Southern Ocean, buoy velocities are averaged for 90 days. The averaged velocity vectors show circulation that generally agrees with views of the large-scale circulation. The present analysis indicates that the spatial structure of an "eddy", defined as the average perturbation about the 90-day mean, has a meridional to zonal wavenumber ratio of 1.5. Regionally-averaged Lagrangian spectra of buoy velocities have largest amplitudes in the Indian Ocean and smallest amplitudes in the Pacific Ocean. For the southern hemisphere oceans combined, the period of the most energetic response is less than 30 days. To simulate buoy trajectories, a non eddy-resolving numerical model with a recirculating domain is constructed. Trajectories are numerically computed from the finite-difference, quasi-geostrophic, one-layer model forced by the annual average of the wind stress curl, scaled assuming a Sverdrup balance. Model streamlines are in reasonable agreement with a South Atlantic subtropical gyre, a Weddell Gyre, and a circumpolar current. However, compared to velocities of the surface drifting buoys, the model velocities are slower. Power spectra of accelerations, computed from trajectories simulated during the model spin-up, show statistically significant peaks at 25 days. This 25-day period is in the range of expected periods of wind-induced Rossby waves. The model is also forced with a wind stress field having negative wind stress curl at only one latitude and zero curl elsewhere. Numerical simulations have volume transport variations of 11% when the latitude of forcing changes by 100 km. A time series of the latitude of the maximum (negative) curl from the twice-daily winds is visually correlated with model volume transport and with transport from measured pressure differences across Drake Passage, when variations in transport lag 25 to 30 days behind variations in the latitude of the wind stress curl. This study shows qualitative agreement between trajectories from freely drifting surface buoys and from a modeled wind-forced, one-layer fluid. Rossby waves are the principal wind induced eddy response of the flat-bottom ocean and may contribute to fluctuations in the volume transport of the Antarctic Circumpolar Current.
|
| 650 |
|
0 |
|a Ocean circulation
|z Antarctic Ocean
|x Mathematical models.
|
| 650 |
|
0 |
|a Ocean-atmosphere interaction.
|
| 650 |
|
0 |
|a Oceanographic buoys.
|
| 650 |
|
4 |
|a Major oceanography.
|
| 655 |
|
7 |
|a Academic theses
|2 lcgft
|
| 700 |
1 |
|
|a Brooks, David A.,
|e degree committee member.
|
| 700 |
1 |
|
|a McGuirk, James P.,
|e degree committee member.
|
| 700 |
1 |
|
|a Nowlin, Worth D.,
|e degree supervisor.
|
| 700 |
1 |
|
|a Reid, Robert O.,
|e degree committee member.
|
| 700 |
1 |
|
|a Stecher, Michael J.,
|e degree committee member.
|
| 710 |
2 |
|
|a Texas A & M University,
|e degree granting institution.
|
| 856 |
4 |
1 |
|u http://proxy.library.tamu.edu/login?url=http://proquest.umi.com/pqdweb?did=754022361&sid=1&Fmt=2&clientId=2945&RQT=309&VName=PQD
|z Link to ProQuest copy
|t 0
|
| 856 |
4 |
1 |
|u https://hdl.handle.net/1969.1/DISSERTATIONS-26995
|z Link to OAKTrust copy
|t 0
|
| 994 |
|
|
|a C0
|b TXA
|
| 999 |
f |
f |
|s 26214b4f-1003-3e9f-add9-78fcc9f9ddcc
|i 6ee32592-aad3-38ce-94d2-726b47cbd517
|t 0
|
| 952 |
f |
f |
|p noncirc
|a Texas A&M University
|b J.J. Pickle Campus
|c High Density Repository
|s HDR
|d Remote Storage
|t 0
|e 1987 Dissertation J68
|h Other scheme
|i unmediated -- volume
|m A14839632996
|
| 952 |
f |
f |
|a Texas A&M University
|b College Station
|c Electronic Resources
|s www_evans
|d Available Online
|t 0
|e 1987 Dissertation J68
|h Other scheme
|
| 998 |
f |
f |
|a 1987 Dissertation J68
|t 0
|l Remote Storage
|
| 998 |
f |
f |
|a 1987 Dissertation J68
|t 0
|l Available Online
|